|
|
|
|
| LEADER |
01661cas a2200241 a 4500 |
| 001 |
AALejournalIMF008651 |
| 008 |
230101c9999 xx r poo 0 0eng d |
| 020 |
|
|
|c 5.00 USD
|
| 020 |
|
|
|z 9781451931990
|
| 022 |
|
|
|a 1018-5941
|
| 040 |
|
|
|a BD-DhAAL
|c BD-DhAAL
|
| 100 |
1 |
|
|a Boughton, James.
|
| 245 |
1 |
4 |
|a The CFA Franc Zone :
|b Currency Union and Monetary Standard /
|c James Boughton.
|
| 264 |
|
1 |
|a Washington, D.C. :
|b International Monetary Fund,
|c 1991.
|
| 300 |
|
|
|a 1 online resource (60 pages)
|
| 490 |
1 |
|
|a IMF Working Papers
|
| 500 |
|
|
|a <strong>Off-Campus Access:</strong> No User ID or Password Required
|
| 500 |
|
|
|a <strong>On-Campus Access:</strong> No User ID or Password Required
|
| 506 |
|
|
|a Electronic access restricted to authorized BRAC University faculty, staff and students
|
| 520 |
3 |
|
|a The CFA franc zone comprises a group of countries in central and west Africa whose currencies have been firmly linked to the French franc since 1948. It combines the features of a currency union with those of an exchange rate peg, and an analysis of its effectiveness must examine both dimensions. Viewed from the perspective of a currency union among the African countries, it would appear that the zone would not constitute an optimum currency area. But when France is viewed as an integral part of the system, the benefits-including discipline, credibility, and stability in international competitiveness-become clearer.
|
| 538 |
|
|
|a Mode of access: Internet
|
| 830 |
|
0 |
|a IMF Working Papers; Working Paper ;
|v No. 1991/133
|
| 856 |
4 |
0 |
|z Full text available on IMF
|u http://elibrary.imf.org/view/journals/001/1991/133/001.1991.issue-133-en.xml
|z IMF e-Library
|